[Event "Sardinia World op-A"]
[Site "Orosei"]
[Date "2025.05.03"]
[Round "9"]
[White "Voiteanu, Christian Gabriel"]
[Black "Verga, Francesco"]
[Result "1/2-1/2"]
[WhiteElo "2143"]
[BlackElo "1982"]
[PlyCount "120"]
[EventDate "2025.04.27"]
[EventType "swiss"]
[EventRounds "9"]
[EventCountry "ITA"]
[SourceTitle "CB19_2025"]
[SourceDate "2025.05.07"]
[SourceVersion "1"]
[SourceVersionDate "2025.05.07"]
[SourceQuality "1"]

1. d4 Nf6 2. c4 e6 3. g3 Bb4+ 4. Bd2 a5 5. Bg2 d5 6. Nf3 0-0 7. 0-0 c6 8. Qc2 Bd6 9. Nc3 dxc4 10. e4 Be7 11. e5 Nd5 12. Ne4 b5 13. b3 Na6 14. Neg5 g6 15. bxc4 bxc4 16. Qe4 Kg7 17. h4 c3 18. Bc1 h6 19. Nh3 c5 20. Nf4 Bb7 21. Nxd5 Bxd5 22. Qe3 Rh8 23. dxc5 Bxc5 24. Qxc3 Qb6 25. Bd2 Bb4 26. Qb2 Qb7 27. Ne1 Bxg2 28. Nxg2 Qf3 29. Rad1 Rad8 30. Qc1 Bxd2 31. Rxd2 Rxd2 32. Qxd2 Nb4 33. Re1 Rc8 34. Ne3 h5 35. a3 Nd5 36. Nxd5 Qxd5 37. Qxd5 exd5 38. Rd1 Rc3 39. a4 Rc4 40. Rxd5 Rxa4 41. Rd7 Re4 42. Rd5 a4 43. Ra5 Kf8 44. f3 Re1+ 45. Kf2 Ra1 46. Ra7 a3 47. Ke3 a2 48. Kf4 Kg8 49. Kg5 Rf1 50. Rxa2 Rxf3 51. Kh6 Kf8 52. e6 Rxg3 53. Ra8+ Ke7 54. exf7 Kxf7 55. Ra6 Rg4 56. Rb6 Rxh4 57. Rxg6 Rh1 58. Rg7+ Kf8 59. Ra7 h4 60. Kg5 h3 1/2-1/2

[Event "Sardinia World op-A"]
[Site "Orosei"]
[Date "2025.04.30"]
[Round "6"]
[White "Xu, Grant"]
[Black "Voiteanu, Christian Gabriel"]
[Result "1-0"]
[WhiteElo "2304"]
[BlackElo "2143"]
[PlyCount "81"]
[EventDate "2025.04.27"]
[EventType "swiss"]
[EventRounds "9"]
[EventCountry "ITA"]
[SourceTitle "CB19_2025"]
[SourceDate "2025.05.07"]
[SourceVersion "1"]
[SourceVersionDate "2025.05.07"]
[SourceQuality "1"]

1. d4 d5 2. Nc3 Nf6 3. Bf4 c5 4. e3 a6 5. dxc5 Nc6 6. a3 e5 7. Bg5 d4 8. exd4 exd4 9. Bxf6 gxf6 10. Na4 Bf5 11. Bd3 Qe7+ 12. Qe2 Be6 13. Nf3 Bh6 14. Nb6 Rd8 15. b4 Rg8 16. Kf1 Rg7 17. h4 Kf8 18. h5 Qc7 19. Re1 Re8 20. Qd1 Re7 21. Rh4 Bg4 22. Rxe7 Nxe7 23. Qe2 Nc6 24. Qe4 f5 25. Qd5 Qf4 26. Nd7+ Ke7 27. Nde5 Qc1+ 28. Ne1 Bd2 29. Qd6+ Ke8 30. Qd7+ Kf8 31. Qc8+ Ke7 32. Nxc6+ bxc6 33. Qc7+ Ke8 34. Qxc6+ Kf8 35. Qd6+ Ke8 36. Qe5+ Kf8 37. c6 f6 38. Qb8+ Ke7 39. Qc7+ Ke8 40. Qc8+ Ke7 41. Qd7+ 1-0

[Event "Sardinia World op-A"]
[Site "Orosei"]
[Date "2025.04.27"]
[Round "1"]
[White "Moroni, Luca Jr"]
[Black "Voiteanu, Christian Gabriel"]
[Result "1-0"]
[WhiteElo "2545"]
[BlackElo "2143"]
[PlyCount "54"]
[EventDate "2025.04.27"]
[EventType "swiss"]
[EventRounds "9"]
[EventCountry "ITA"]
[SourceTitle "CB19_2025"]
[SourceDate "2025.05.07"]
[SourceVersion "1"]
[SourceVersionDate "2025.05.07"]
[SourceQuality "1"]

1. c4 e6 2. Nf3 Nf6 3. b3 d5 4. e3 Be7 5. Bb2 0-0 6. Nc3 c5 7. cxd5 Nxd5 8. Qc2 Nc6 9. a3 Nxc3 10. Bxc3 b6 11. h4 Bf6 12. Bd3 h6 13. Bh7+ Kh8 14. Be4 Bb7 15. Ng5 Bxg5 16. hxg5 Qxg5 17. f4 Qg3+ 18. Kf1 f6 19. Qd1 f5 20. Rxh6+ Kg8 21. Rh3 Qg6 22. Bf3 Nd8 23. Kf2 e5 24. Bxb7 Nxb7 25. Rg3 Qe6 26. Bxe5 Rf6 27. Qf3 Rd8 1-0

[Event "EU-ch 25th"]
[Site "Eforie Nord"]
[Date "2025.03.25"]
[Round "10"]
[White "Zaim, Marian"]
[Black "Voiteanu, Christian Gabriel"]
[Result "1-0"]
[WhiteElo "1968"]
[BlackElo "2163"]
[PlyCount "113"]
[EventDate "2025.03.15"]
[EventType "swiss"]
[EventRounds "11"]
[EventCountry "ROU"]
[SourceTitle "CB13_2025"]
[SourceDate "2025.03.26"]
[SourceVersion "1"]
[SourceVersionDate "2025.03.26"]
[SourceQuality "1"]

1. Nf3 d5 2. d3 Nf6 3. Nbd2 g6 4. e4 Bg7 5. g3 0-0 6. Bg2 Re8 7. 0-0 e5 8. Re1 Nc6 9. c3 a5 10. a4 h6 11. Qc2 Be6 12. h3 Nd7 13. Nb3 Qe7 14. Nfd2 Nb6 15. exd5 Bxd5 16. Bxd5 Nxd5 17. Nc4 Qd7 18. Kh2 b6 19. Nbd2 Rad8 20. Nf3 Qf5 21. Kg2 Nf6 22. Rd1 e4 23. dxe4 Nxe4 24. Rxd8 Rxd8 25. Bf4 Rd7 26. Rd1 Re7 27. Re1 Qd5 28. Ne3 Qc5 29. g4 Nd6 30. Qd3 b5 31. Bxd6 cxd6 32. Qxb5 Na7 33. Qxc5 dxc5 34. Nc4 Rb7 35. Re8+ Kh7 36. Ra8 f5 37. gxf5 gxf5 38. Nxa5 Rf7 39. Nc4 Bf6 40. Rb8 Rg7+ 41. Kf1 Rc7 42. Rb6 Bd8 43. Rd6 Be7 44. Re6 Nc6 45. Ne3 Nd8 46. Ra6 Rb7 47. Nc4 Nf7 48. a5 Rd7 49. Rb6 Ng5 50. Nxg5+ Bxg5 51. a6 Rd1+ 52. Ke2 Ra1 53. Rb7+ Kg6 54. a7 Ra6 55. Ne5+ Kh5 56. Nc6 Bh4 57. Rb8 1-0

[Event "EU-ch 25th"]
[Site "Eforie Nord"]
[Date "2025.03.17"]
[Round "3"]
[White "Koutlas, Nikolaos"]
[Black "Voiteanu, Christian Gabriel"]
[Result "1-0"]
[WhiteElo "2369"]
[BlackElo "2163"]
[PlyCount "65"]
[EventDate "2025.03.15"]
[EventType "swiss"]
[EventRounds "11"]
[EventCountry "ROU"]
[SourceTitle "CB13_2025"]
[SourceDate "2025.03.26"]
[SourceVersion "1"]
[SourceVersionDate "2025.03.26"]
[SourceQuality "1"]

1. c4 c6 2. Nf3 Nf6 3. Nc3 d5 4. d4 dxc4 5. a4 Bf5 6. Nh4 e6 7. Nxf5 exf5 8. e3 Bb4 9. Bxc4 0-0 10. 0-0 Ne4 11. Nxe4 fxe4 12. a5 c5 13. dxc5 Qxd1 14. Rxd1 Nc6 15. Bd2 Bxd2 16. Rxd2 Rad8 17. Rad1 Rc8 18. a6 bxa6 19. Bxa6 Rb8 20. Rd6 Nb4 21. R1d2 Nxa6 22. Rxa6 Rfc8 23. c6 g6 24. g4 Rb5 25. Rd7 Rg5 26. h3 h5 27. c7 Kg7 28. Rc6 hxg4 29. Rd8 gxh3+ 30. Kh1 Rxc7 31. Rxc7 Rf5 32. Rd2 a5 33. Re7 1-0

[Event "ROM-ch"]
[Site "Craiova"]
[Date "2025.02.19"]
[Round "5"]
[White "Cosma, Ioan"]
[Black "Voiteanu, Christian Gabriel"]
[Result "0-1"]
[WhiteElo "2286"]
[BlackElo "2159"]
[PlyCount "72"]
[EventDate "2025.02.15"]
[EventType "swiss"]
[EventRounds "9"]
[EventCountry "ROU"]
[SourceTitle "CB09_2025"]
[SourceDate "2025.02.27"]
[SourceVersion "1"]
[SourceVersionDate "2025.02.27"]
[SourceQuality "1"]

1. Nf3 d5 2. g3 Nf6 3. Bg2 c5 4. 0-0 Nc6 5. d4 cxd4 6. Nxd4 e5 7. Nxc6 bxc6 8. c4 Be7 9. Nc3 e4 10. cxd5 cxd5 11. Bg5 Be6 12. Bxf6 Bxf6 13. Qa4+ Qd7 14. Qxd7+ Kxd7 15. Rfd1 Bxc3 16. bxc3 Ke7 17. f3 f5 18. c4 dxc4 19. fxe4 Rad8 20. Kf2 Rxd1 21. Rxd1 Rb8 22. exf5 Bxf5 23. Rd5 Bb1 24. Ra5 c3 25. Rxa7+ Kd8 26. Bh3 Bg6 27. Rd7+ Ke8 28. Rc7 c2 29. e4 Bxe4 30. Ke3 Bg6 31. Bg4 Rd8 32. h4 Rd3+ 33. Kf4 Rd4+ 34. Kg5 Bd3 35. Rc8+ Ke7 36. Rc7+ Kd6 0-1

[Event "EU-ch 24th"]
[Site "Petrovac"]
[Date "2024.11.09"]
[Round "2"]
[White "Voiteanu, Christian Gabriel"]
[Black "Damjanovic, Vuk"]
[Result "0-1"]
[WhiteElo "2132"]
[BlackElo "2364"]
[PlyCount "64"]
[EventDate "2024.11.08"]
[EventType "swiss"]
[EventRounds "11"]
[EventCountry "MNE"]
[SourceTitle "CB47_2024"]
[SourceDate "2024.11.20"]
[SourceVersion "1"]
[SourceVersionDate "2024.11.20"]
[SourceQuality "1"]

1. d4 Nf6 2. c4 g6 3. Nc3 Bg7 4. e4 d6 5. Be2 0-0 6. Be3 Na6 7. Nf3 e5 8. Qd2 c6 9. 0-0-0 Qe7 10. d5 cxd5 11. Nxd5 Nxd5 12. exd5 Bf5 13. Bh6 Bf6 14. Bxf8 Rxf8 15. h4 Nc5 16. Qh6 Bg7 17. Qe3 Qc7 18. b4 Na4 19. Kd2 a5 20. a3 axb4 21. axb4 b5 22. Qb3 e4 23. Ng5 Qb6 24. Ke1 Nb2 25. Rd2 bxc4 26. Bxc4 Nxc4 27. Qxc4 Rc8 28. Qb3 Bc3 29. Qa2 e3 30. fxe3 Qxe3+ 31. Kd1 Bxd2 32. Qxd2 Bg4+ 0-1

[Event "Calvia Amateur op 21st"]
[Site "Calvia"]
[Date "2024.10.13"]
[Round "9"]
[White "Voiteanu, Christian Gabriel"]
[Black "Stubbs, Oliver"]
[Result "0-1"]
[WhiteElo "2110"]
[BlackElo "2131"]
[PlyCount "122"]
[EventDate "2024.10.05"]
[EventType "swiss"]
[EventRounds "9"]
[EventCountry "ESP"]
[SourceTitle "CB45_2024"]
[Source "ChessBase"]
[SourceDate "2024.11.06"]
[SourceVersion "1"]
[SourceVersionDate "2024.11.06"]
[SourceQuality "1"]

1. d4 Nf6 2. c4 g6 3. Nc3 Bg7 4. e4 d6 5. Be2 0-0 6. Be3 Na6 7. g4 c5 8. g5 Ng4 9. Bxg4 Bxg4 10. f3 cxd4 11. Bxd4 Bxd4 12. Qxd4 Nb4 13. 0-0-0 Be6 14. b3 Qa5 15. Qd2 Rac8 16. Kb2 b5 17. a3 bxc4 18. axb4 Qxb4 19. Ra1 cxb3 20. Nge2 Rc7 21. Qd4 Qb8 22. h4 Bc4 23. Ng3 e5 24. Qd2 Rfc8 25. Rhc1 Qb6 26. Nh1 Be6 27. Ra4 Rc5 28. Nf2 Rxc3 29. Rxc3 Rxc3 30. Qxc3 Qxf2+ 31. Ka3 b2 32. Qd3 Qd2 33. Qxd2 b1N+ 34. Kb4 Nxd2 35. Ra3 a5+ 36. Rxa5 Nxf3 37. Ra3 Nxh4 38. Kb5 d5 39. exd5 Bxd5 40. Kc5 Bf3 41. Kd6 e4 42. Ke5 Kg7 43. Kf4 Nf5 44. Ra8 Nd4 45. Ra5 Ne6+ 46. Ke3 h6 47. gxh6+ Kxh6 48. Ra7 Kg7 49. Rb7 g5 50. Kf2 Nd4 51. Ke3 Nf5+ 52. Kf2 Kg6 53. Rb8 g4 54. Rb6+ Kg5 55. Rb5 Kf4 56. Rb8 Ng3 57. Rf8 f5 58. Rf7 Ne2 59. Rh7 g3+ 60. Ke1 g2 61. Rh4+ Kg5 0-1

[Event "Calvia Amateur op 21st"]
[Site "Calvia"]
[Date "2024.10.11"]
[Round "7"]
[White "Voiteanu, Christian Gabriel"]
[Black "Martin Rueda, Daniel"]
[Result "0-1"]
[WhiteElo "2110"]
[BlackElo "2251"]
[PlyCount "78"]
[EventDate "2024.10.05"]
[EventType "swiss"]
[EventRounds "9"]
[EventCountry "ESP"]
[SourceTitle "CB45_2024"]
[Source "ChessBase"]
[SourceDate "2024.11.06"]
[SourceVersion "1"]
[SourceVersionDate "2024.11.06"]
[SourceQuality "1"]

1. d4 d5 2. c4 e6 3. cxd5 exd5 4. Nc3 c6 5. Qc2 Bd6 6. Nf3 h6 7. a3 Nf6 8. b4 a6 9. Bb2 0-0 10. e3 Re8 11. Bd3 Nbd7 12. 0-0 Qe7 13. Rae1 Ne4 14. Nd2 f5 15. g3 Qg5 16. f4 Qe7 17. Na4 Nxd2 18. Qxd2 b5 19. Nc5 Nf6 20. Qc2 g6 21. a4 Ra7 22. Bc3 Qf8 23. Qb3 Rae7 24. Bd2 Kg7 25. Bc2 h5 26. Nd3 Ne4 27. Bc1 Rb7 28. Nc5 Rf7 29. Bd1 Qe7 30. Nd3 h4 31. Kg2 Rh8 32. Rh1 bxa4 33. Qb2 a5 34. Nc5 axb4 35. Qxb4 Ba6 36. Qxa4 h3+ 37. Kf3 Ng5+ 38. fxg5 Qe4+ 39. Kf2 Qg2# 0-1

[Event "Arad op 17th"]
[Site "Arad"]
[Date "2024.08.05"]
[Round "1"]
[White "Rozen, Eytan"]
[Black "Voiteanu, Christian Gabriel"]
[Result "1/2-1/2"]
[WhiteElo "2478"]
[BlackElo "2119"]
[PlyCount "123"]
[EventDate "2024.08.05"]
[EventType "swiss"]
[EventRounds "9"]
[EventCountry "ROU"]
[SourceTitle "CBM 221 Extra"]
[Source "ChessBase"]
[SourceDate "2024.09.30"]
[SourceVersion "1"]
[SourceVersionDate "2024.09.30"]
[SourceQuality "1"]

1. d4 d5 2. c4 c6 3. Nf3 Nf6 4. Nc3 dxc4 5. e4 b5 6. Be2 e6 7. a4 b4 8. e5 bxc3 9. exf6 cxb2 10. fxg7 bxa1Q 11. gxh8Q Qa5+ 12. Nd2 c3 13. 0-0 cxd2 14. Qxd2 Qxd2 15. Bxd2 Qxa4 16. Bh5 Qc2 17. Bh6 Nd7 18. Qg8 Qf5 19. g4 Qf6 20. g5 Qe7 21. Re1 Nb6 22. h4 Bd7 23. Bxf8 Qxf8 24. Bxf7+ Ke7 25. Bxe6 Kd6 26. Qxf8+ Rxf8 27. Bxd7 Kxd7 28. Ra1 Ra8 29. f4 a5 30. f5 a4 31. h5 Rf8 32. f6 Ke6 33. Kh2 Kf5 34. Rg1 h6 35. g6 Kxf6 36. g7 Rg8 37. Rg6+ Kf5 38. Rxh6 a3 39. Rxc6 a2 40. Rc5+ Ke4 41. Ra5 Rxg7 42. Rxa2 Nd5 43. Rg2 Rh7 44. Rg5 Nf4 45. Kg3 Nxh5+ 46. Kf2 Nf4 47. Re5+ Kxd4 48. Re8 Rf7 49. Rd8+ Nd5+ 50. Kg3 Ke4 51. Re8+ Ne7 52. Ra8 Rg7+ 53. Kf2 Nf5 54. Re8+ Kf4 55. Ke2 Rg3 56. Kd2 Nd6 57. Ra8 Ke4 58. Ra4+ Kd5 59. Ke2 Nc4 60. Ra8 Ke4 61. Re8+ Ne5 62. Kd2 1/2-1/2

[Event "Titled Tuesday intern op 26th Mar Late"]
[Site "Chess.com INT"]
[Date "2024.03.26"]
[Round "5"]
[White "Voiteanu, Christian Gabriel"]
[Black "Bueno, Alfeu Varela Jr"]
[Result "0-1"]
[WhiteElo "2120"]
[BlackElo "2140"]
[PlyCount "116"]
[EventDate "2024.03.26"]
[EventType "swiss (blitz)"]
[EventRounds "11"]
[EventCountry "USA"]
[SourceTitle "EXT 2025"]
[Source "ChessBase"]
[SourceDate "2024.10.14"]
[SourceVersion "1"]
[SourceVersionDate "2024.10.14"]
[SourceQuality "1"]

1. d4 e6 2. Nf3 f5 3. Bf4 b6 4. c4 Bb7 5. Nc3 Bb4 6. Qb3 Bxc3+ 7. Qxc3 Nf6 8. e3 0-0 9. Bd3 d6 10. h3 Nbd7 11. g4 Bxf3 12. Rg1 Ne4 13. Bxe4 Bxe4 14. gxf5 exf5 15. d5 Ne5 16. Bxe5 dxe5 17. Qxe5 Qf6 18. Qxf6 Rxf6 19. Ke2 f4 20. f3 Bf5 21. e4 Bxh3 22. e5 Re8 23. e6 Bf5 24. Kf2 a5 25. b3 a4 26. b4 Bd3 27. Rac1 Bg6 28. Rgd1 Rd8 29. Rd4 Rf5 30. Rcd1 Kf8 31. c5 Ke7 32. cxb6 cxb6 33. b5 Be8 34. Rxa4 Rfxd5 35. Ra7+ Kxe6 36. Re1+ Kf6 37. Rb7 Bxb5 38. Rxb6+ R8d6 39. Rxd6+ Rxd6 40. Re4 g5 41. a4 Bc6 42. Rc4 Bd5 43. Rd4 h5 44. a5 Ke5 45. Rd1 Ra6 46. Re1+ Kf5 47. Rd1 Rxa5 48. Rd2 g4 49. Kg1 Bxf3 50. Rb2 g3 51. Rb1 Rd5 52. Kf1 Rd1+ 53. Rxd1 Bxd1 54. Kg2 Kg4 55. Kg1 Bf3 56. Kf1 h4 57. Kg1 h3 58. Kf1 h2 0-1

[Event "Titled Tuesday intern op 30th Jan Late"]
[Site "Chess.com INT"]
[Date "2024.01.30"]
[Round "2"]
[White "Bambino Filho, Antonio Carlos"]
[Black "Voiteanu, Christian Gabriel"]
[Result "1-0"]
[WhiteElo "2166"]
[BlackElo "2151"]
[PlyCount "97"]
[EventDate "2024.01.30"]
[EventType "swiss (blitz)"]
[EventRounds "11"]
[EventCountry "USA"]
[SourceTitle "EXT 2025"]
[Source "ChessBase"]
[SourceDate "2024.10.14"]
[SourceVersion "1"]
[SourceVersionDate "2024.10.14"]
[SourceQuality "1"]

1. d4 d5 2. c4 c6 3. Nf3 Nf6 4. e3 e6 5. Qc2 Be7 6. Bd3 0-0 7. b3 b6 8. Bb2 Bb7 9. 0-0 Nbd7 10. Nbd2 a5 11. a3 Rc8 12. Rad1 c5 13. Qb1 cxd4 14. exd4 dxc4 15. bxc4 Re8 16. Ne5 h6 17. Ndf3 Nh5 18. Bh7+ Kf8 19. Nxf7 Kxf7 20. Bg6+ Kg8 21. Bxh5 Rf8 22. Qd3 Nf6 23. Bg6 Bxf3 24. gxf3 Qc7 25. Rc1 Qf4 26. Qe3 Qd6 27. Rfe1 Nd7 28. Qxe6+ Qxe6 29. Rxe6 Bg5 30. Rc3 Rf4 31. Be4 Nf6 32. c5 Nxe4 33. Rxe4 Rxe4 34. fxe4 bxc5 35. Rxc5 Re8 36. e5 Rb8 37. Bc3 Rb3 38. Bxa5 Rxa3 39. Bc3 Be7 40. Rc8+ Kf7 41. d5 Ra2 42. e6+ Kg6 43. Rc7 Bh4 44. Rxg7+ Kh5 45. Bd4 Rd2 46. Be3 Rxd5 47. Rh7 Bg5 48. Bxg5 Rxg5+ 49. Kf1 1-0

[Event "Titled Tuesday intern op 30th Jan Early"]
[Site "Chess.com INT"]
[Date "2024.01.30"]
[Round "4"]
[White "Voiteanu, Christian Gabriel"]
[Black "Bashirli, Saadat"]
[Result "1-0"]
[WhiteElo "2151"]
[BlackElo "1608"]
[PlyCount "111"]
[EventDate "2024.01.30"]
[EventType "swiss (blitz)"]
[EventRounds "11"]
[EventCountry "USA"]
[SourceTitle "EXT 2025"]
[Source "ChessBase"]
[SourceDate "2024.10.14"]
[SourceVersion "1"]
[SourceVersionDate "2024.10.14"]
[SourceQuality "1"]

1. d4 Nf6 2. g3 g6 3. Bg2 Bg7 4. e4 d6 5. Ne2 0-0 6. 0-0 e5 7. h3 Re8 8. Nbc3 exd4 9. Nxd4 Nbd7 10. Bg5 h6 11. Be3 Nc5 12. f3 Ne6 13. Re1 Bd7 14. Kh2 c6 15. Qd2 Qc7 16. Nxe6 Bxe6 17. Bxh6 d5 18. Bxg7 Kxg7 19. f4 dxe4 20. Nxe4 Nxe4 21. Bxe4 Rad8 22. Qc3+ Kg8 23. Rad1 Rxd1 24. Rxd1 Bxh3 25. Bxg6 Bg4 26. Bxf7+ Qxf7 27. Re1 Qh5+ 28. Kg1 Rxe1+ 29. Qxe1 Qc5+ 30. Qf2 Qxf2+ 31. Kxf2 Kf7 32. Ke3 Ke6 33. Kd4 Bf5 34. c3 Kd6 35. b4 b6 36. Kc4 Be6+ 37. Kd4 Bf5 38. a3 a6 39. Kc4 Bg4 40. Kd4 Ke6 41. Ke4 Bf5+ 42. Kd4 Kd6 43. Kc4 Be6+ 44. Kd4 Bh3 45. Ke4 Bg4 46. f5 Bh5 47. Kf4 Ke7 48. g4 Bf7 49. Ke5 Bc4 50. g5 a5 51. g6 axb4 52. axb4 b5 53. f6+ Kf8 54. Kd6 Bd5 55. Kd7 Kg8 56. Ke7 1-0

[Event "Titled Tuesday intern op 30th Jan Early"]
[Site "Chess.com INT"]
[Date "2024.01.30"]
[Round "11"]
[White "Voiteanu, Christian Gabriel"]
[Black "Bobomurodova, Maftuna"]
[Result "0-1"]
[WhiteElo "2151"]
[BlackElo "2045"]
[PlyCount "66"]
[EventDate "2024.01.30"]
[EventType "swiss (blitz)"]
[EventRounds "11"]
[EventCountry "USA"]
[SourceTitle "EXT 2025"]
[Source "ChessBase"]
[SourceDate "2024.10.14"]
[SourceVersion "1"]
[SourceVersionDate "2024.10.14"]
[SourceQuality "1"]

1. d4 Nf6 2. c4 e6 3. Nf3 b6 4. a3 Bb7 5. Nc3 Be7 6. d5 0-0 7. e4 d6 8. Be2 Nbd7 9. dxe6 fxe6 10. Ng5 Nc5 11. b4 h6 12. bxc5 hxg5 13. cxd6 cxd6 14. e5 dxe5 15. Bxg5 Bxg2 16. Rg1 Qxd1+ 17. Rxd1 Bc6 18. Bh6 Rf7 19. Nb5 Bxa3 20. Nd6 Rd7 21. Nb5 Bb4+ 22. Kf1 Rf7 23. Nd6 Re7 24. Rg6 Rf8 25. c5 Bxc5 26. Bc4 Nd5 27. Ne4 Bd4 28. Bg5 Ref7 29. Rxe6 Bb7 30. Ke2 Kh8 31. Rg1 Nc3+ 32. Nxc3 Rxf2+ 33. Kd3 R8f3+ 0-1

[Event "Titled Tuesday intern op 30th Jan Late"]
[Site "Chess.com INT"]
[Date "2024.01.30"]
[Round "1"]
[White "Voiteanu, Christian Gabriel"]
[Black "Ongut, Tamas Gunes"]
[Result "0-1"]
[WhiteElo "2151"]
[BlackElo "2292"]
[PlyCount "80"]
[EventDate "2024.01.30"]
[EventType "swiss (blitz)"]
[EventRounds "11"]
[EventCountry "USA"]
[SourceTitle "EXT 2025"]
[Source "ChessBase"]
[SourceDate "2024.10.14"]
[SourceVersion "1"]
[SourceVersionDate "2024.10.14"]
[SourceQuality "1"]

1. d4 Nf6 2. c4 g6 3. Nc3 Bg7 4. e4 d6 5. Be2 0-0 6. Bg5 c5 7. d5 h6 8. Bf4 e6 9. dxe6 Bxe6 10. Bxd6 Re8 11. e5 Nfd7 12. Nf3 Nc6 13. 0-0 Ndxe5 14. Nxe5 Nxe5 15. Bxc5 Nxc4 16. Bxc4 Bxc4 17. Re1 Rxe1+ 18. Qxe1 Qc7 19. Be3 Re8 20. Rd1 b5 21. Qd2 Qa5 22. a3 Bb3 23. Qd7 Rf8 24. Bc5 Bxd1 25. Bxf8 Bxf8 26. Qxd1 Bxa3 27. Qa1 b4 28. Nd1 Qe5 29. h3 a5 30. Qc1 Qe1+ 31. Kh2 Bxb2 32. Qc8+ Kg7 33. Nxb2 Qe5+ 34. g3 Qxb2 35. Qa6 Qf6 36. Qe2 b3 37. h4 b2 38. Qc2 a4 39. Qb1 a3 40. Kh3 Qf5+ 0-1